Score 0/41 Timer 04:00
0 Plays Today
Hint 4-Letter Word % Correct
Opposite of earlyLATE
94.7%
Possible hourglass fillerSAND
94.6%
To have spoken somethingSAID
94.2%
Far up in the air ⚔ HIGH ⚔
93.7%
Applause soundCLAP
93.4%
Jackman or Laurie, e.g.HUGH
93.1%
To hit something open palmSLAP
92.9%
Lion's loudnessROAR
92.8%
MajorityMOST
92.7%
Weary exhaleSIGH
92.7%
Liquid or bar to clean withSOAP
92.3%
Eagles do this through the skySOAR
92.2%
Chimneysweep's clothing contaminantSOOT
91.6%
Division of a road for a single vehicleLANE
91.6%
To quiet someoneHUSH
91.3%
Not less ⚔ MORE ⚔
90.6%
Moved down a smooth surfaceSLID
90.4%
To wanderROAM
90.3%
Dispose of a dragonSLAY
90.1%
French Open tennis court surface ⚔ CLAY ⚔
90.1%
Cappuccino topperFOAM
90%
Hint 4-Letter Word % Correct
Rabbit relativeHARE
89.7%
Female horseMARE
89.3%
ThinSLIM
88.8%
A grand one brings in four runsSLAM
88.7%
Father or son President?BUSH
88.4%
Student court or unimportant pointMOOT
88.2%
Site of Orwell's revolt?FARM
87.9%
Document with fields to be filled inFORM
87.9%
To injure, hurtHARM
87.8%
Geographic area or internet pageSITE
87.6%
Low-alcohol beerLITE
87.2%
Darth MaulSITH
86.6%
Solid ground ⚔ LAND ⚔
86.3%
A sprinkle of spiceDASH
84.9%
Person from Glasgow? ⚔ SCOT ⚔
84.4%
Dancing pitMOSH
84.4%
To hit or heavily criticizeBASH
83.4%
Spoon's running-away partnerDISH
82.7%
Daniel of Comedy CentralTOSH
70.6%
Miley Cyrus' mom ⚔ TISH ⚔
69%

Today's Daily Dose

Missing Word
'T' Pairs

Word Ladder
Game Pieces

Get the Picture
Baseball Movies

Remove Ads.
Support Sporcle.
Get the best of Sporcle when you Go Orange. This ad-free experience offers more features, more stats, and more fun while also helping to support Sporcle. Thank you for becoming a member.

You're not logged in!

Compare scores with friends on all Sporcle quizzes.
OR
Log In

Show Comments

Extras

Top Quizzes Today


Score Distribution

Your Account Isn't Verified!

In order to create a playlist on Sporcle, you need to verify the email address you used during registration. Go to your Sporcle Settings to finish the process.

Report this User

Report this user for behavior that violates our Community Guidelines.

Details: